[Event "Paracin 2019 - Open A"]
[Site "Paracin"]
[Date "2019.07.05"]
[Round "1.26"]
[White "Janzelj, Tim"]
[Black "Dimitrijevic, Nenad"]
[Result "1-0"]
[WhiteElo "2416"]
[BlackElo "2150"]
[PlyCount "201"]
[EventDate "2019.??.??"]

1. d4 e6 2. c4 f5 3. g3 Nf6 4. Bg2 c6 5. Nh3 d5 6. O-O Be7 7. Nd2 O-O 8. Nf4 a5
9. Nf3 Ne4 10. Ne5 a4 11. Qc2 g5 12. Nfd3 Nd7 13. Kh1 Nxe5 14. Nxe5 Bf6 15. Be3
Nd6 16. b3 Qa5 17. Rab1 axb3 18. axb3 Qa2 19. Qc1 Nf7 20. Nxf7 Rxf7 21. cxd5
cxd5 22. Bxg5 Bxd4 23. Qf4 Bg7 24. Bh6 Bd7 25. Bxg7 Rxg7 26. Qe5 Qd2 27. Ra1
Rc8 28. Ra7 Qb4 29. Qa1 Bc6 30. Ra8 Rxa8 31. Qxa8+ Kf7 32. Bf3 Rg8 33. Qa1 Ke7
34. Qe5 Qd6 35. Qd4 Kd7 36. b4 e5 37. Qh4 Qe7 38. Qh3 Rf8 39. b5 Bxb5 40. Bxd5
Kc7 41. Rb1 Ba6 42. Qh6 Rf6 43. Qe3 Kb8 44. f4 Rd6 45. Bg2 Re6 46. fxe5 Rxe5
47. Qb6 Re6 48. Qa5 Qf6 49. Bf3 Qe5 50. Qb4 Qd6 51. Qb3 Re7 52. Qc2 f4 53. g4
Ka7 54. Rd1 Qe5 55. Qa4 Rc7 56. Kg2 Rc4 57. Qd7 Rc2 58. Rd2 Rxd2 59. Qxd2 h6
60. Qb4 Qg5 61. Qd4+ Kb8 62. Qd6+ Ka7 63. Kf1 Bb5 64. h4 Qxh4 65. Qc5+ Ka6 66.
Bxb7+ Ka5 67. Qc7+ Kb4 68. Qxf4+ Kc5 69. Qe3+ Kb4 70. Qf4+ Kc5 71. Qe5+ Kb6 72.
Bf3 Qh3+ 73. Kg1 Qh4 74. Kg2 Qg5 75. Qd6+ Ka5 76. Kf2 Qh4+ 77. Qg3 Qg5 78. Qc7+
Kb4 79. Qh2 Qc5+ 80. Kg2 Qe3 81. Qd6+ Ka5 82. Qd5 Kb4 83. Qa2 Bc4 84. Qb1+ Kc3
85. Qe1+ Kb3 86. Qf2 Qg5 87. Qb6+ Kc3 88. e3 Bd3 89. Qd4+ Kd2 90. Qf4 Kc3 91.
Kg3 Qg7 92. e4 Bc4 93. e5 Qg5 94. Bg2 Bb3 95. Be4 Bc4 96. Bf5 Qe7 97. e6 Bd5
98. Qe3+ Kb4 99. Qxh6 Kc5 100. Qe3+ Kd6 101. Qa3+ 1-0

[Event "Paracin 2019 - Open A"]
[Site "Paracin"]
[Date "2019.07.05"]
[Round "1.66"]
[White "Stefansson, Vignir Vatnar"]
[Black "Osaka, Takuma"]
[Result "1-0"]
[WhiteElo "2293"]
[BlackElo "1972"]
[PlyCount "81"]
[EventDate "2019.07.05"]

1. d4 Nf6 2. Nc3 d5 3. Bf4 g6 4. e3 Bg7 5. h4 O-O 6. h5 c5 7. hxg6 hxg6 8. Qd2
Nc6 9. O-O-O Qa5 10. f3 Rd8 11. g4 e5 12. Bxe5 Nxe5 13. dxe5 Ne8 14. Nxd5 Qxd2+
15. Rxd2 Be6 16. c4 Bxe5 17. Nh3 Rd7 18. Be2 b5 19. Rhd1 Kf8 20. cxb5 Rb8 21.
Nc3 Rxd2 22. Rxd2 Nc7 23. Ng5 Ke7 24. Nxe6 fxe6 25. Bc4 Rh8 26. f4 Bxc3 27.
bxc3 Rh3 28. Re2 Kf6 29. g5+ Ke7 30. a4 Ne8 31. Bd3 Kf7 32. Kb2 Nd6 33. c4 Nb7
34. Kc3 Kg7 35. a5 Rg3 36. a6 Nd6 37. b6 Rh3 38. bxa7 Rh8 39. Rb2 Ra8 40. Rb7+
Nf7 41. Be4 1-0

[Event "Paracin 2019 - Open A"]
[Site "Paracin"]
[Date "2019.07.05"]
[Round "1.67"]
[White "Koljevic, Nikolina"]
[Black "Skuhala, Jernej"]
[Result "1-0"]
[WhiteElo "1960"]
[BlackElo "2290"]
[PlyCount "87"]
[EventDate "2019.07.05"]

1. e4 c5 2. Nf3 d6 3. d4 cxd4 4. Nxd4 Nf6 5. Nc3 a6 6. g3 g6 7. Bg2 Bg7 8. O-O
O-O 9. h3 Qc7 10. Be3 Bd7 11. a4 Nc6 12. Nb3 Ne5 13. Bd4 Bc6 14. Qe2 Rac8 15.
a5 Ned7 16. Rfd1 Rfe8 17. Qe1 Bf8 18. Be3 e5 19. Qd2 Nc5 20. Nxc5 dxc5 21. Bg5
Rcd8 22. Qe3 Rxd1+ 23. Rxd1 Nd7 24. Ra1 f6 25. Bh6 Be7 26. h4 Rd8 27. Bh3 Nf8
28. Bxf8 Bxf8 29. Be6+ Kg7 30. Bd5 Be7 31. Qe1 Rd7 32. Kg2 Qd8 33. h5 c4 34.
hxg6 hxg6 35. Qe3 Bxd5 36. Nxd5 Rxd5 37. exd5 Qxd5+ 38. f3 f5 39. Qe2 Kf6 40.
Rd1 Qc6 41. Qd2 g5 42. Qd7 Qc5 43. Qxb7 Kg7 44. Rd7 1-0

[Event "Paracin 2019 - Open A"]
[Site "Paracin"]
[Date "2019.07.05"]
[Round "1.68"]
[White "Raghavi, N."]
[Black "Wu, David Tai-Wei"]
[Result "1-0"]
[WhiteElo "2290"]
[BlackElo "1960"]
[PlyCount "121"]
[EventDate "2019.07.05"]

1. Nf3 Nf6 2. g3 d5 3. Bg2 c5 4. O-O Nc6 5. d3 e5 6. Nbd2 Bd6 7. e4 d4 8. Nc4
Bc7 9. a4 Be6 10. Ng5 Bg4 11. f3 Bh5 12. Qe1 h6 13. Nh3 Nd7 14. g4 Bg6 15. f4
exf4 16. e5 O-O 17. Bxf4 Re8 18. Bxc6 bxc6 19. Qg3 Re6 20. Nf2 Nb6 21. Nxb6
axb6 22. h4 Qd5 23. h5 Bh7 24. Rfe1 Rae8 25. a5 bxa5 26. Nh3 Bxe5 27. Rxa5 Bxf4
28. Rxe6 Qxe6 29. Nxf4 Qe5 30. b4 g5 31. hxg6 Bxg6 32. Rxc5 Qd6 33. Ne2 Qd7 34.
Kf2 Re3 35. Qf4 Rh3 36. Nxd4 Rh4 37. Kg3 Rh1 38. Nf3 Kh7 39. Ra5 Qe7 40. Qe5
Qd8 41. Kg2 Rc1 42. Rc5 Qd7 43. Qf4 Rb1 44. Rc4 Qe6 45. Qe5 Qd7 46. Qf6 Qe8 47.
Qe5 Qd7 48. Rd4 Qc8 49. Qf6 Rc1 50. c4 Rc2+ 51. Kg3 Qb8+ 52. Kh3 Rf2 53. Ng5+
hxg5 54. Qxf2 Qxb4 55. Rd8 Qb1 56. Kg3 Kg7 57. Qd4+ f6 58. Rd7+ Bf7 59. Qe3 Qa1
60. Rd6 Qa4 61. Qd4 1-0

[Event "Paracin 2019 - Open A"]
[Site "Paracin"]
[Date "2019.07.05"]
[Round "1.69"]
[White "Nakahara, Kan"]
[Black "Pantelic, Sasa"]
[Result "1-0"]
[WhiteElo "1958"]
[BlackElo "2289"]
[PlyCount "63"]
[EventDate "2019.07.05"]

1. e4 d6 2. Nf3 Nf6 3. Nc3 e5 4. d4 Nbd7 5. dxe5 dxe5 6. Bc4 Be7 7. O-O c6 8.
Qe2 O-O 9. Bg5 Qc7 10. Nh4 Nb6 11. Nf5 Bxf5 12. Bxf6 Bg6 13. Bxe7 Qxe7 14. Bb3
Nd7 15. Rad1 Nc5 16. Qg4 a5 17. h4 Nxb3 18. cxb3 h5 19. Rd7 Qc5 20. Qg5 b5 21.
Rfd1 a4 22. g4 hxg4 23. h5 g3 24. R1d2 Bh7 25. b4 Qxb4 26. h6 Bg6 27. hxg7 Kxg7
28. R7d6 gxf2+ 29. Kg2 Qxd6 30. Rxd6 b4 31. Ne2 f6 32. Qg4 1-0

[Event "Paracin 2019 - Open A"]
[Site "Paracin"]
[Date "2019.07.05"]
[Round "1.70"]
[White "Martic, Zlatko"]
[Black "Ratkovic, Petar"]
[Result "1-0"]
[WhiteElo "2283"]
[BlackElo "1954"]
[PlyCount "55"]
[EventDate "2019.07.05"]

1. d4 d5 2. Nf3 Nf6 3. Bf4 Bf5 4. e3 e6 5. c4 c6 6. Nc3 Nbd7 7. Qb3 Qb6 8. c5
Qxb3 9. axb3 Nh5 10. b4 Nxf4 11. exf4 Be7 12. b5 O-O 13. Kd2 f6 14. b4 Bg4 15.
Be2 Bxf3 16. Bxf3 e5 17. Rhe1 Rfe8 18. Bg4 Nb8 19. fxe5 fxe5 20. Rxe5 cxb5 21.
Nxd5 Nc6 22. Nxe7+ Rxe7 23. Rxe7 Nxe7 24. Bf3 Rd8 25. Kc3 Nf5 26. d5 a6 27. d6
Rd7 28. Bd5+ 1-0

[Event "Paracin 2019 - Open A"]
[Site "Paracin"]
[Date "2019.07.05"]
[Round "1.71"]
[White "Kersten, Julian"]
[Black "Pastar, Slaven"]
[Result "0-1"]
[WhiteElo "1951"]
[BlackElo "2276"]
[PlyCount "74"]
[EventDate "2019.07.05"]

1. e4 b6 2. d4 Bb7 3. Bd3 e6 4. Nf3 c5 5. c3 Nf6 6. Qe2 d5 7. e5 Nfd7 8. O-O a5
9. a4 Ba6 10. Bb5 Be7 11. Rd1 O-O 12. Nbd2 Qc8 13. Nf1 Nc6 14. Bg5 h6 15. Bxe7
Bxb5 16. axb5 Nxe7 17. Rac1 c4 18. Nh4 Re8 19. Qg4 Nf8 20. Ng3 Neg6 21. Nxg6
fxg6 22. h4 h5 23. Qg5 Qd7 24. Ne2 Qxb5 25. Nf4 Qd7 26. Nxg6 Nxg6 27. Qxg6 Qf7
28. Qg5 Rf8 29. f3 Ra7 30. Rf1 b5 31. g4 Qf4 32. Qxh5 Qg3+ 33. Kh1 Raf7 34. Rc2
Rxf3 35. Rxf3 Rxf3 36. Qe8+ Rf8 37. Qxe6+ Kh7 0-1

[Event "Paracin 2019 - Open A"]
[Site "Paracin"]
[Date "2019.07.05"]
[Round "1.72"]
[White "Ivanovic, Marko"]
[Black "Bojicic, Andjela"]
[Result "1-0"]
[WhiteElo "2267"]
[BlackElo "1948"]
[PlyCount "55"]
[EventDate "2019.07.05"]

1. d4 Nf6 2. Bf4 g6 3. Nc3 d5 4. e3 Bg7 5. h4 O-O 6. h5 c5 7. hxg6 hxg6 8. Bd3
Nc6 9. Nf3 Bg4 10. Qd2 Ne4 11. Nxe4 dxe4 12. Bxe4 Bxf3 13. Bxf3 cxd4 14. Bxc6
bxc6 15. e4 e5 16. Bh6 Qf6 17. O-O-O c5 18. Bxg7 Qxg7 19. Rh4 Rfe8 20. Rdh1 Qf6
21. Qd3 Kf8 22. Qb5 Kg8 23. Kb1 Rac8 24. g4 Rc7 25. Rh7 Rce7 26. a3 a6 27. g5
Qxg5 28. Qxc5 1-0

[Event "Paracin 2019 - Open A"]
[Site "Paracin"]
[Date "2019.07.05"]
[Round "1.73"]
[White "Tanishka, Kotia"]
[Black "Holland, James P"]
[Result "1/2-1/2"]
[WhiteElo "1942"]
[BlackElo "2263"]
[PlyCount "95"]
[EventDate "2019.07.05"]

1. e4 c5 2. c3 b6 3. d4 Bb7 4. d5 Nf6 5. Bd3 c4 6. Bxc4 Nxe4 7. Nf3 Qc7 8. Qd4
Nd6 9. Bd3 e6 10. dxe6 dxe6 11. Nbd2 Nc6 12. Qa4 Be7 13. O-O O-O 14. Ne4 Nf5
15. Bf4 e5 16. Bg5 f6 17. Bd2 Qd7 18. Qc2 g6 19. Rad1 Kh8 20. Ng3 Nxg3 21. fxg3
Qg4 22. b4 Rac8 23. Qb1 Rfd8 24. Be2 Qe6 25. Bh6 e4 26. Nd2 Ne5 27. Bf4 Nd3 28.
Bxd3 exd3 29. Rfe1 Qd5 30. Nf3 Bf8 31. Be3 Bg7 32. Bd4 Ba6 33. a4 Bc4 34. Re7
Re8 35. Rde1 Rxe7 36. Rxe7 Qf5 37. Qe1 Kg8 38. Rxa7 Bf7 39. Re7 Bf8 40. Re3 Bh6
41. Re7 Bf8 42. Re4 g5 43. Re3 Bc4 44. Nd2 b5 45. Rf3 Qd7 46. Bxf6 g4 47. Rf4
Bh6 48. Rd4 1/2-1/2

[Event "Paracin 2019 - Open A"]
[Site "Paracin"]
[Date "2019.07.05"]
[Round "1.74"]
[White "Tadic, Stefan"]
[Black "Savic, Robert"]
[Result "1-0"]
[WhiteElo "2262"]
[BlackElo "1929"]
[PlyCount "83"]
[EventDate "2019.07.05"]

1. e4 c5 2. Nc3 Nc6 3. Bb5 g6 4. Bxc6 dxc6 5. d3 Bg7 6. Be3 b6 7. Qd2 e5 8.
O-O-O Nf6 9. h3 Be6 10. f4 Nd7 11. Nf3 O-O 12. Rhf1 f6 13. g4 exf4 14. Bxf4 Ne5
15. Qh2 Nxf3 16. Rxf3 Qd7 17. Qg3 Rf7 18. Be3 Rd8 19. a3 Qe8 20. Ne2 Bc8 21.
Rdf1 Rf8 22. Bd2 Qe7 23. Bc3 Rd6 24. h4 Bh6+ 25. Kb1 Bg7 26. g5 f5 27. Bxg7
Kxg7 28. h5 Rdd8 29. Qh4 Kg8 30. hxg6 hxg6 31. Ng3 Qh7 32. Qf4 Qg7 33. exf5
Bxf5 34. Qc4+ Qf7 35. Nxf5 gxf5 36. Qh4 Qh7 37. Qf4 Rd4 38. Qe5 Qg6 39. Rh1 Rd5
40. Rh8+ Kf7 41. Qc7+ Ke8 42. Re3+ 1-0

[Event "Paracin 2019 - Open A"]
[Site "Paracin"]
[Date "2019.07.05"]
[Round "1.75"]
[White "Ashutosh, Kumar"]
[Black "Nandhidhaa, P V."]
[Result "0-1"]
[WhiteElo "1928"]
[BlackElo "2259"]
[PlyCount "38"]
[EventDate "2019.07.05"]

1. c4 e5 2. g3 Nc6 3. Bg2 f5 4. Nc3 Nf6 5. e3 e4 6. d3 Bb4 7. Nge2 d5 8. cxd5
Qxd5 9. dxe4 Qxd1+ 10. Kxd1 fxe4 11. Nxe4 O-O 12. Nxf6+ Rxf6 13. f3 Ne5 14. Rf1
Bd7 15. Nc3 Rd8 16. Kc2 Bxc3 17. Kxc3 Rc6+ 18. Kb4 Nd3+ 19. Ka3 Be6 0-1

[Event "Paracin 2019 - Open A"]
[Site "Paracin"]
[Date "2019.07.05"]
[Round "1.76"]
[White "Eswaran, Ashritha"]
[Black "Nagare, Akhilesh"]
[Result "1/2-1/2"]
[WhiteElo "2257"]
[BlackElo "1928"]
[PlyCount "81"]
[EventDate "2019.07.05"]

1. e4 e6 2. d4 d5 3. Nc3 Bb4 4. e5 Qd7 5. a3 Bxc3+ 6. bxc3 b6 7. Qg4 f5 8. Qg3
Bb7 9. Ne2 Nc6 10. Nf4 O-O-O 11. a4 Na5 12. Bb5 Qf7 13. h4 Nc4 14. a5 a6 15.
Bxc4 dxc4 16. axb6 cxb6 17. Ba3 Kb8 18. Qe3 Ka7 19. Bd6 Ne7 20. Bc7 Nd5 21.
Nxd5 Rxd5 22. Bd6 f4 23. Qd2 g5 24. hxg5 Rg8 25. Rh6 Rxg5 26. Rf6 Qh5 27. Qxf4
Rxg2 28. Kd2 Rg6 29. Rf7 a5 30. Re7 Rg4 31. Qf8 Qg5+ 32. Ke2 Rxd6 33. exd6 Re4+
34. Kf1 Qh5 35. Rxb7+ Kxb7 36. Qg7+ Ka6 37. Qg3 Qe2+ 38. Kg2 Rg4 39. d7 Qe4+
40. Kf1 Qh1+ 41. Ke2 1/2-1/2

[Event "Paracin 2019 - Open A"]
[Site "Paracin"]
[Date "2019.07.05"]
[Round "1.77"]
[White "Kanov, Nikola"]
[Black "Raahul, V S."]
[Result "1-0"]
[WhiteElo "1908"]
[BlackElo "2251"]
[PlyCount "89"]
[EventDate "2019.07.05"]

1. e4 e5 2. Nf3 Nc6 3. Bc4 Nf6 4. d3 h6 5. c3 d6 6. Nbd2 g6 7. O-O Bg7 8. Bb3
O-O 9. h3 Nh5 10. Nc4 Nf4 11. Bxf4 exf4 12. Nh2 Kh8 13. d4 g5 14. Bc2 f5 15.
exf5 Ne7 16. f6 Rxf6 17. Re1 Be6 18. d5 Bg8 19. Ng4 Rf8 20. Re6 Bxe6 21. dxe6
Kg8 22. Qd3 Rf5 23. Qe2 Rd5 24. Qe4 Kf8 25. Qh7 Ng8 26. Re1 Qe7 27. Bg6 Rd8 28.
Bf7 Nf6 29. Nxf6 Qxf6 30. e7+ Kxf7 31. Qe4 Re5 32. Nxe5+ dxe5 33. exd8=Q Qxd8
34. Qxb7 Kg8 35. Qb3+ Kh8 36. Rd1 Qe8 37. Qb7 Qf7 38. Rd8+ Kh7 39. Qe4+ Qg6 40.
Qxg6+ Kxg6 41. Rd7 h5 42. Rxc7 g4 43. hxg4 hxg4 44. a4 e4 45. Re7 1-0

[Event "Paracin 2019 - Open A"]
[Site "Paracin"]
[Date "2019.07.05"]
[Round "1.78"]
[White "Strugnell, Carl"]
[Black "Anand, Batsukh"]
[Result "1-0"]
[WhiteElo "2248"]
[BlackElo "1899"]
[PlyCount "51"]
[EventDate "2019.07.05"]

1. e4 c5 2. Nf3 e6 3. Nc3 a6 4. d4 cxd4 5. Nxd4 Qc7 6. Bd3 Nf6 7. f4 d6 8. Qf3
b5 9. Be3 Bb7 10. g4 Nc6 11. g5 Nd7 12. O-O-O O-O-O 13. Kb1 Nc5 14. a3 g6 15.
Nxc6 Bxc6 16. Bd4 Rg8 17. Qh3 Be7 18. Nd5 Bxd5 19. exd5 Qd7 20. Bxc5 dxc5 21.
Be2 Kb8 22. Bg4 Qc7 23. dxe6 f5 24. gxf6 Bxf6 25. Qe3 Rge8 26. Rhe1 1-0

[Event "Paracin 2019 - Open A"]
[Site "Paracin"]
[Date "2019.07.05"]
[Round "1.79"]
[White "Anacoglu, Cisel"]
[Black "Baterdene, Tsogbayar"]
[Result "1/2-1/2"]
[WhiteElo "1869"]
[BlackElo "2247"]
[PlyCount "72"]
[EventDate "2019.07.05"]

1. e4 c5 2. Nf3 d6 3. Bb5+ Nc6 4. O-O Bd7 5. Re1 Nf6 6. h3 e5 7. c3 a6 8. Ba4
b5 9. Bc2 c4 10. d4 cxd3 11. Bxd3 Be7 12. Qe2 O-O 13. a4 bxa4 14. Nbd2 Nh5 15.
Nf1 Qc8 16. Bc2 a3 17. Rxa3 Nf4 18. Bxf4 exf4 19. Rea1 a5 20. b4 Qc7 21. N1d2
Nxb4 22. cxb4 Qxc2 23. Qc4 Qxc4 24. Nxc4 Bf6 25. e5 dxe5 26. Ncxe5 Bf5 27. Rxa5
Rab8 28. Rc1 Bd8 29. Ra2 f6 30. Nc4 Be7 31. Na3 Bd3 32. Rd2 Be4 33. Re1 f5 34.
Nc2 Rfc8 35. Nfd4 Bxb4 36. Nxb4 Rxb4 1/2-1/2

[Event "Paracin 2019 - Open A"]
[Site "Paracin"]
[Date "2019.07.05"]
[Round "1.80"]
[White "Radosavljevic, Slobodan D"]
[Black "Munkhzul, Davaakhuu"]
[Result "1/2-1/2"]
[WhiteElo "2246"]
[BlackElo "1863"]
[PlyCount "72"]
[EventDate "2019.07.05"]

1. Nf3 Nf6 2. g3 g6 3. Bg2 Bg7 4. O-O O-O 5. c4 c5 6. Nc3 Nc6 7. d3 d6 8. a3 a6
9. Ne1 Ne8 10. Nc2 Nc7 11. Bd2 Bd7 12. b4 b5 13. bxc5 dxc5 14. Rb1 bxc4 15.
dxc4 Rb8 16. Nd5 Rxb1 17. Qxb1 Nxd5 18. cxd5 Nd4 19. Nxd4 Bxd4 20. e3 Bf6 21.
Rc1 Qc7 22. Qc2 Rc8 23. Bf1 Bb5 24. Bc4 Qd6 25. a4 Bxc4 26. Qxc4 e6 27. e4 Bd4
28. Bc3 exd5 29. exd5 Bxc3 30. Rxc3 Rd8 31. Rd3 Rb8 32. Rb3 Rd8 33. Rd3 Rb8 34.
Rb3 Rd8 35. Rd3 Rb8 36. Rb3 Rd8 1/2-1/2

[Event "Paracin 2019 - Open A"]
[Site "Paracin"]
[Date "2019.07.05"]
[Round "1.81"]
[White "Srimathi, R."]
[Black "Bratkovic, Sham"]
[Result "0-1"]
[WhiteElo "1832"]
[BlackElo "2237"]
[PlyCount "78"]
[EventDate "2019.07.05"]

1. e4 c5 2. Nf3 e6 3. d4 cxd4 4. Nxd4 Nc6 5. Nc3 Qc7 6. a3 a6 7. Be3 Nf6 8. Nb3
b5 9. Be2 b4 10. axb4 Bxb4 11. f3 d5 12. exd5 Nxd5 13. Bd2 Bxc3 14. bxc3 O-O
15. c4 Nf4 16. O-O Rd8 17. Bxf4 Qa7+ 18. c5 Rxd1 19. Rfxd1 h6 20. Bb5 Nb4 21.
Rd8+ Kh7 22. Rd4 Nd5 23. Bd6 Qb7 24. Bd3+ Kg8 25. Rda4 Qd7 26. Na5 Nc3 27. Rd4
Nb5 28. Bxb5 axb5 29. c6 Qa7 30. Nb3 Qxd4+ 31. Nxd4 Rxa1+ 32. Kf2 Ra6 33. Bb8
f6 34. c7 b4 35. Nb5 Rc6 36. Nd4 Rc4 37. Ke3 e5 38. Nb5 Ba6 39. Nd6 Rxc2 0-1

[Event "Paracin 2019 - Open A"]
[Site "Paracin"]
[Date "2019.07.05"]
[Round "1.82"]
[White "Popovic, Aleksandar M"]
[Black "Harisurya, Bharadwaj Gundepudi"]
[Result "0-1"]
[WhiteElo "2234"]
[BlackElo "1831"]
[PlyCount "84"]
[EventDate "2019.07.05"]

1. g3 e5 2. Bg2 d5 3. d3 c6 4. Nf3 Bd6 5. O-O Nf6 6. c4 O-O 7. a3 a5 8. Bg5 d4
9. e3 h6 10. Bxf6 Qxf6 11. exd4 exd4 12. Nbd2 c5 13. Ne4 Qd8 14. b4 cxb4 15. c5
Be7 16. axb4 Nc6 17. b5 Nb4 18. Ne5 f5 19. Qb3+ Kh7 20. Nf7 Rxf7 21. Qxf7 Nxd3
22. Nd6 Bxd6 23. cxd6 Qxd6 24. Rfd1 Nb4 25. Rac1 Bd7 26. Bxb7 Rf8 27. Qc4 d3
28. Qc5 Rf6 29. Bc8 d2 30. Qxd6 dxc1=Q 31. Qxd7 Qc5 32. Bb7 a4 33. Bc6 a3 34.
Qd2 a2 35. Ra1 Qe7 36. Rxa2 Nxa2 37. Qxa2 Qc5 38. Qb3 Qb6 39. Qd5 Qa7 40. h4 f4
41. Qe4+ g6 42. g4 f3 0-1

[Event "Paracin 2019 - Open A"]
[Site "Paracin"]
[Date "2019.07.05"]
[Round "1.83"]
[White "Ilic, Ilija"]
[Black "Saksham, Rautela"]
[Result "0-1"]
[WhiteElo "1829"]
[BlackElo "2232"]
[PlyCount "54"]
[EventDate "2019.07.05"]

1. d4 Nf6 2. Nc3 d5 3. Bf4 e6 4. Qd2 Bb4 5. f3 c5 6. e3 Nc6 7. a3 Qa5 8. dxc5
e5 9. Bg5 d4 10. exd4 exd4 11. Bxf6 gxf6 12. axb4 Qxa1+ 13. Nd1 Be6 14. Bb5 Rg8
15. Kf2 O-O-O 16. Bxc6 bxc6 17. Ne2 Bf5 18. Ng3 Bg6 19. Re1 Qb1 20. Ne4 Bxe4
21. fxe4 d3 22. cxd3 Qxd3 23. Qxd3 Rxd3 24. Ne3 Rb3 25. Nc4 Rxb4 26. Nd6+ Kc7
27. Re2 Rgb8 0-1

[Event "International Tournament "]
[Site "Paracin"]
[Date "2019.07.05"]
[Round "1.31"]
[White "Ozkan, Taha"]
[Black "Harvey, Marcus R"]
[Result "0-1"]
[WhiteElo "2140"]
[BlackElo "2402"]
[PlyCount "72"]
[EventDate "2019.07.05"]

1. d4 Nf6 2. Nf3 e6 3. e3 b6 4. Bd3 Bb7 5. O-O c5 6. c4 Be7 7. Nc3 cxd4 8. exd4
O-O 9. d5 Na6 10. Bf4 exd5 11. cxd5 d6 12. Nd4 Nb4 13. Bc4 Nbxd5 14. Nxd5 Nxd5
15. Bxd5 Bxd5 16. Nf5 Bb7 17. Qg4 g6 18. Nxe7+ Qxe7 19. Rfe1 Qf6 20. Bh6 Rfe8
21. Qd7 Be4 22. Rac1 Rad8 23. Qxa7 Qh4 24. Qc7 Qxh6 25. Rxe4 Qxc1+ 26. Qxc1
Rxe4 27. f3 Ree8 28. Qd2 d5 29. Qd4 Rd6 30. b3 Re2 31. a4 Rc6 32. Kf1 Ra2 33.
Qe3 Rc8 34. Ke1 d4 35. Qg5 d3 36. Kd1 d2 0-1

[Event "International Tournament "]
[Site "Paracin"]
[Date "2019.07.05"]
[Round "1.32"]
[White "Arsovic, Zoran"]
[Black "Zavgorodniaya, Alena"]
[Result "1-0"]
[WhiteElo "2398"]
[BlackElo "2128"]
[PlyCount "75"]
[EventDate "2019.07.05"]

1. Nf3 Nf6 2. c4 g6 3. Nc3 d5 4. cxd5 Nxd5 5. Qb3 Nb6 6. d4 Bg7 7. e4 O-O 8.
Be3 Be6 9. d5 Bg4 10. Be2 c6 11. O-O cxd5 12. exd5 N8d7 13. a4 Rc8 14. a5 Bxf3
15. gxf3 Na8 16. Rfd1 Nc5 17. Qb4 Qd6 18. Nb5 Qe5 19. Nxa7 Rc7 20. Rd2 Na6 21.
Bxa6 bxa6 22. Nc6 Qf6 23. Qe4 Rfc8 24. Rad1 Bf8 25. h4 Rb7 26. b4 h6 27. Bc5
Qf5 28. Qxf5 gxf5 29. Nd4 f4 30. Ne2 h5 31. Nxf4 Bh6 32. Rd4 Nc7 33. Nxh5 Nb5
34. Rg4+ Kh7 35. Re1 Nc3 36. Rxe7 Rxe7 37. Nf6+ Kh8 38. Bxe7 1-0

[Event "International Tournament "]
[Site "Paracin"]
[Date "2019.07.05"]
[Round "1.33"]
[White "Djokic, Slavoljub"]
[Black "Martic, Ivan"]
[Result "0-1"]
[WhiteElo "2128"]
[BlackElo "2392"]
[PlyCount "78"]
[EventDate "2019.07.05"]

1. c4 g6 2. Nc3 Bg7 3. Nf3 d6 4. g3 Nf6 5. Bg2 O-O 6. O-O e5 7. d4 Nbd7 8. dxe5
dxe5 9. Bg5 h6 10. Bxf6 Bxf6 11. e4 c6 12. h3 Nc5 13. Qxd8 Rxd8 14. Rfd1 Be6
15. Bf1 a5 16. b3 Bg7 17. Ne1 f5 18. f3 h5 19. exf5 gxf5 20. Rxd8+ Rxd8 21. Rd1
Re8 22. Ne2 a4 23. Nd3 Nxd3 24. Rxd3 axb3 25. axb3 Ra8 26. Rd1 Kf7 27. Kf2 Bf8
28. Rb1 Bc5+ 29. Ke1 Ra2 30. b4 Be3 31. Nc1 Rh2 32. Nd3 Kf6 33. Nc5 Bc8 34. Rb3
Bf2+ 35. Kd1 Bxg3 36. Ra3 Rh1 37. Ke2 Rh2+ 38. Kd3 Be1 39. Be2 e4+ 0-1

[Event "International Tournament "]
[Site "Paracin"]
[Date "2019.07.05"]
[Round "1.34"]
[White "Liu, Zhaoqi"]
[Black "Yurasova, Daria"]
[Result "1-0"]
[WhiteElo "2386"]
[BlackElo "2128"]
[PlyCount "203"]
[EventDate "2019.07.05"]

1. c4 b6 2. Nc3 c5 3. Nf3 Bb7 4. d4 cxd4 5. Nxd4 Nf6 6. f3 e6 7. e4 d6 8. Be2
Be7 9. Be3 Nbd7 10. Qd2 O-O 11. O-O a6 12. Rfc1 Rc8 13. b4 Re8 14. Nb3 Ne5 15.
Na4 Nfd7 16. c5 dxc5 17. bxc5 b5 18. Nb2 Qc7 19. a4 Bc6 20. axb5 axb5 21. Qe1
Bf6 22. Nd4 Rb8 23. f4 Ng6 24. e5 Be7 25. Nxc6 Qxc6 26. Bf3 Qc7 27. Qa5 Rec8
28. Nd3 Nh4 29. Be4 f5 30. exf6 Qxa5 31. Rxa5 Nxf6 32. Nf2 Nxe4 33. Nxe4 Nf5
34. Bf2 Nd6 35. Nd2 Nc4 36. Nxc4 bxc4 37. Kf1 Rb4 38. g3 Bf6 39. Be1 Rb2 40.
Rxc4 e5 41. c6 exf4 42. gxf4 Bd8 43. Rd5 Rxh2 44. Bc3 Bb6 45. c7 Rxc7 46. Rd8+
Kf7 47. Rxc7+ Bxc7 48. Rd7+ Ke6 49. Rxc7 Kf5 50. Rf7+ Ke4 51. Bxg7 Kf3 52. Ke1
h5 53. f5 Re2+ 54. Kd1 h4 55. Bf8 h3 56. Rh7 h2 57. Bd6 Rf2 58. Bxh2 Ke4 59.
Re7+ Kd3 60. Rd7+ Ke4 61. Bg3 Rxf5 62. Ke2 Rg5 63. Bf2 Rd5 64. Ra7 Rb5 65. Ra4+
Ke5 66. Be3 Rb2+ 67. Kf3 Rb5 68. Rh4 Kd5 69. Rh5+ Kc4 70. Rh1 Re5 71. Rd1 Re8
72. Rd4+ Kc3 73. Ke2 Rh8 74. Rd5 Rh2+ 75. Bf2 Kc4 76. Rc5+ Kb4 77. Rc8 Kb3 78.
Ke3 Rh3+ 79. Ke4 Rh2 80. Be3 Rh7 81. Kd3 Rh4 82. Rc5 Rb4 83. Rc1 Rg4 84. Rc3+
Kb4 85. Rc6 Rg7 86. Rb6+ Ka5 87. Rb1 Rd7+ 88. Kc4 Rc7+ 89. Bc5 Ka6 90. Rb3 Rc6
91. Kd5 Rc8 92. Rb6+ Ka5 93. Kc4 Rg8 94. Rb7 Rg4+ 95. Bd4 Rg6 96. Rh7 Ra6 97.
Rg7 Rc6+ 98. Bc5 Rh6 99. Kd5 Rh5+ 100. Kc6 Rh6+ 101. Bd6 Rh4 102. Rg3 1-0

[Event "International Tournament "]
[Site "Paracin"]
[Date "2019.07.05"]
[Round "1.35"]
[White "Altun, Arda"]
[Black "Lee, Jun Hyeok"]
[Result "0-1"]
[WhiteElo "2124"]
[BlackElo "2383"]
[PlyCount "104"]
[EventDate "2019.07.05"]

1. e4 c5 2. Nf3 e6 3. g3 Nc6 4. Bg2 Nf6 5. d3 d5 6. Nbd2 Be7 7. O-O O-O 8. Re1
Qc7 9. e5 Nd7 10. Qe2 b5 11. Nf1 Bb7 12. h4 Rfc8 13. Bf4 a5 14. N1h2 Qd8 15.
Ng5 h6 16. Ngf3 a4 17. a3 b4 18. Ng4 Bf8 19. h5 Ba6 20. c3 Rab8 21. axb4 cxb4
22. Rxa4 Nc5 23. Rxa6 Nxa6 24. d4 Nc7 25. Qd2 bxc3 26. bxc3 Nb5 27. Bxh6 Nxc3
28. Bxg7 Bxg7 29. h6 Nb1 30. Qf4 Bh8 31. h7+ Kf8 32. Ng5 Qe7 33. Nf6 Nd8 34.
Nge4 Qb4 35. Nd6 Qxe1+ 36. Kh2 Qc1 37. Qh4 Rc7 38. f4 Qc2 39. Qh6+ Ke7 40. Qg5
Qg6 41. Qh4 Kf8 42. f5 exf5 43. Nxd5 Rc1 44. Nf4 Qg4 45. Qh6+ Qg7 46. Qh4 f6
47. Nxf5 Qg5 48. Qh3 fxe5 49. dxe5 Rb7 50. Be4 Nd2 51. Bd3 Nf3+ 52. Kg2 Ne1+
0-1

[Event "International Tournament "]
[Site "Paracin"]
[Date "2019.07.05"]
[Round "1.36"]
[White "Nie, Xinyang"]
[Black "Baylav, Can"]
[Result "1-0"]
[WhiteElo "2375"]
[BlackElo "2120"]
[PlyCount "137"]
[EventDate "2019.07.05"]

1. e4 c5 2. b3 g6 3. Bb2 Nf6 4. e5 Nd5 5. d4 cxd4 6. Qxd4 Nc7 7. Nf3 Bg7 8. Nc3
d5 9. O-O-O Nc6 10. Qe3 Bg4 11. Qc5 Bxf3 12. gxf3 d4 13. Bc4 Bxe5 14. Nb5 Na6
15. Qa3 O-O 16. f4 Bxf4+ 17. Kb1 e5 18. c3 Nc7 19. Nd6 Rb8 20. Qc5 Qd7 21. cxd4
b6 22. Nxf7 Qf5+ 23. Ka1 bxc5 24. Nd6+ Kg7 25. Nxf5+ Rxf5 26. dxc5 Nd4 27. Kb1
Rd8 28. b4 Rb8 29. a3 a5 30. bxa5 Bg5 31. Rhf1 Rf3 32. Ka2 Be7 33. Rde1 Nc6 34.
Re3 Rf4 35. Bb3 Kf6 36. f3 Rb5 37. Re4 g5 38. Ba4 Rxb2+ 39. Kxb2 Nxa5 40. Rxf4+
gxf4 41. Rc1 Ke6 42. c6 Bd6 43. Bc2 Nb5 44. Ka2 Bxa3 45. c7 Nxc7 46. Kxa3 Nc4+
47. Kb4 Nd2 48. Be4 Nxe4 49. fxe4 Ne8 50. Rc6+ Kf7 51. Kc4 Nf6 52. Kd3 Ng4 53.
Rc2 Kg6 54. h3 Ne3 55. Rc5 Kf6 56. Ke2 h5 57. Rc6+ Kg5 58. Re6 Nc4 59. Kd3 Nb2+
60. Kc2 Nc4 61. Kc3 Ne3 62. Rxe5+ Kh4 63. Kd3 Kxh3 64. Rxh5+ Kg4 65. Rh8 Kg5
66. Rg8+ Kf6 67. Ke2 Nc4 68. Kf3 Ke5 69. Re8+ 1-0